J:llä alkavat Suomen kunnat - Statistics

Yleistilastot
  • Tätä visaa on pelattu 4 441 kertaa
  • Keskiarvotulos 10 / 13
Vastaustilastot
Maakunta Kunta % Oikein
Keski-Suomi Jyväskylä
89%
Pohjois-Karjala Joensuu
87%
Uusimaa Järvenpää
80%
Keski-Suomi Jämsä
78%
Kanta-Häme Janakkala
78%
Pohjois-Savo Joroinen
73%
Etelä-Savo Juva
72%
Kanta-Häme Jokioinen
70%
Pirkanmaa Juupajoki
69%
Pohjois-Karjala Juuka
67%
Keski-Suomi Joutsa
66%
Satakunta Jämijärvi
62%
Ahvenanmaa Jomala
60%
Ehtoja vastaavia visoja ei löytynyt
Tulosjakauma
Jokaisen tuloksen saaneiden osuus
Persentiili vastausten määrän mukaan
Tuloshistoriasi
Et ole pelannut tätä visaa